Minecraft YouTubers Quiz - Statistics

General Stats
  • This quiz has been taken 225 times
    8 since last reset
  • The average score is 9 of 53
Answer Stats
Hint Answer % Correct
Minecraft Manhunt Dream
86%
He died in 2022 Technoblade
71%
Famous Minecraft Youtuber DanTDM
57%
Does Redstone and Stuff Mumbo Jumbo
57%
Is in Manhunt vids and likes muffins BadBoyHalo
43%
Dream’s Friend Sapnap
43%
That diamond guy who traps people Skeppy
43%
does minecraft manhunts Baablu
29%
Likes Pickles CheapPickle
29%
PVP expert ClownPierce
29%
Battled Dream in 2025 Daquavis
29%
End Crystal PVPer DrDonut
29%
Known for making parkour civilization Evbo
29%
Dream’s Friend Georgenotfound
29%
Professional Trapper JudeLow
29%
Likes Luigi LuigiToan
29%
Technoblade’s friend TommyInnit
29%
Lifesteal SMP member Wemmbu
29%
Green Minecraft YouTuber friends with the one above. Boosfer
14%
Does YT shorts Camman18
14%
Very famous Minecraft YouTuber CaptainSparklez
14%
Has a cat Minecraft skin Chuck Nasty
14%
He has a lime color skin in Minecraft Fruitberries
14%
Does vids about villagers Grox
14%
Lifesteal SMP member PrinceZam
14%
He is a Mexican Quackity
14%
Likes turtles SeaWattGaming
14%
Does contests and stuff Sipover
14%
British YouTuber who is part of the Dream SMP Tubbo
14%
Does Hardcore episodes aCookieGod
0%
Likes the color yellow Al1
0%
Does Minecraft mods Aphmau
0%
Does hardcore Episodes Beppo
0%
Does minecraft mods Cash
0%
Good PVP player Coldified
0%
Part of the Minecraft Goofy Gang and has a skin similar to Steve Creebus
0%
does hardcore episodes CringyGull
0%
An enemy in the Unstable SMP FlameFrags
0%
Does YT shorts iShoya
0%
Does "Minecraft Manhunt but" videos Kier and Dev
0%
Adds peoples ideas to make minecraft crazy Knarfy
0%
Does Hardcore Episodes Kolanii
0%
Lifesteal SMP member ManePear
0%
Lifesteal SMP Member MinuteTech
0%
Does a lot of redstone and command block stuff Mysticat
0%
Minecraft Scripted content YouTuber ParrotX2
0%
Lifesteal SMP member Spoke
0%
does simulate 100 days vids Sword4000
0%
Already quit making vids Tapl
0%
Part of the Minecraft Goofy Gang Tinymacdude
0%
Does bedwars vids Wallibear
0%
Very good at Minecraft Wattles
0%
Made X raying videos and "until the server bans me" videos Yeah Jaron
0%
No matching quizzes found
Score Distribution
Percent of People with Each Score
Percentile by Number Answered
Your Score History
You have not taken this quiz since the last reset